00911nam a2200253Ia 4500001000900000003000500009005001700014008004100031010001100072040000900083082001400092100003500106245011100141250000600252260003100258300001100289600011100300901001400411902000600425905006300431942001500494999001900509952012900528dia_2009CHAP20230614101851.0220117s1962 xx 000 0 und d a172547 cCHAP a634.6 C42 aChandler, William Henry921834 aFrutales de Hoja Perenne /c por William Henry Chandler, traducido al Español por José Luis de la Loma a2 aMéxico :b UTEHA,c1962 a666 p. a1.Fruticultura/ 2. Frutos cítricos/ 3.Frutos tropicales. i.t. II. Loma, José Luis de la, trad.9152053 a634.6 C42 aM a0000001962 MX X 0000000000SPA00 cLIBRO2ddc c172547d172547 00102ddc40708GRALaIA_bIA_d2022-01-18f1l2o634.6 C42pdia_692r2024-08-12 19:24:24s2024-08-12t1w2022-01-18yLIBRO